000 03859cam a2200937u 4500
020 _a 8121924413
082 _a624.
_bTHE
_cN-01,P-154
100 1 _aTheraja, B. L.
_97131
245 1 2 _aA text book of electrical technology;
_balternating and direct current engineering in rationalized M. K. S. A. system of units for the examinations of B. Sc.
_cB.l. Theraja, and A.K. Theraja.
250 _a22nd ed.
260 _aNew Delhi,
_bS. Chand Publications;
_c2000.
300 _axxxii,2104 p. :
_billus. (part col.)
_c22 cm.
520 _aUse as a text book.
526 _a0
_b0
_c0
_d624_000000000000000__THE
526 _a0
_b0
_c0
_d624_000000000000000__THE
526 _a0
_b0
_c0
_d624_000000000000000__THE
526 _a0
_b0
_c0
_d624_000000000000000__THE
526 _a0
_b0
_c0
_d624_000000000000000__THE
526 _a0
_b0
_c0
_d624_000000000000000__THE
526 _a0
_b0
_c0
_d624_000000000000000__THE
526 _a0
_b0
_c0
_d624_000000000000000__THE
526 _a0
_b0
_c0
_d624_000000000000000__THE
526 _a0
_b0
_c0
_d624_000000000000000__THE
526 _a0
_b0
_c0
_d624_000000000000000__THE
526 _a0
_b0
_c0
_d624_000000000000000__THE
526 _a0
_b0
_c0
_d624_000000000000000__THE
526 _a0
_b0
_c0
_d624_000000000000000__THE
526 _a0
_b0
_c0
_d624_000000000000000__THE
526 _a0
_b0
_c0
_d624_000000000000000__THE
526 _a0
_b0
_c0
_d624_000000000000000__THE
526 _a0
_b0
_c0
_d624_000000000000000__THE
526 _a0
_b0
_c0
_d624_000000000000000__THE
526 _a0
_b0
_c0
_d624_000000000000000__THE
526 _a0
_b0
_c0
_d624_000000000000000__THE
526 _a0
_b0
_c0
_d624_000000000000000__THE
526 _a0
_b0
_c0
_d624_000000000000000__THE
526 _a0
_b0
_c0
_d624_000000000000000__THE
526 _a0
_b0
_c0
_d624_000000000000000__THE
526 _a0
_b0
_c0
_d624_000000000000000__THE
526 _a0
_b0
_c0
_d624_000000000000000__THE
526 _a0
_b0
_c0
_d624_000000000000000__THE
526 _a0
_b0
_c0
_d624_000000000000000__THE
526 _a0
_b0
_c0
_d624_000000000000000__THE
526 _a0
_b0
_c0
_d624_000000000000000__THE
526 _a0
_b0
_c0
_d624_000000000000000__THE
526 _a0
_b0
_c0
_d624_000000000000000__THE
526 _a0
_b0
_c0
_d624_000000000000000__THE
526 _a0
_b0
_c0
_d624_000000000000000__THE
526 _a0
_b0
_c0
_d624_000000000000000__THE
526 _a0
_b0
_c0
_d624_000000000000000__THE
526 _a0
_b0
_c0
_d624_000000000000000__THE
526 _a0
_b0
_c0
_d624_000000000000000__THE
526 _a0
_b0
_c0
_d624_000000000000000__THE
526 _a0
_b0
_c0
_d624_000000000000000__THE
526 _a0
_b0
_c0
_d624_000000000000000__THE
526 _a0
_b0
_c0
_d624_000000000000000__THE
526 _a0
_b0
_c0
_d624_000000000000000__THE
526 _a0
_b0
_c0
_d624_000000000000000__THE
526 _a0
_b0
_c0
_d624_000000000000000__THE
526 _a0
_b0
_c0
_d624_000000000000000__THE
526 _a0
_b0
_c0
_d624_000000000000000__THE
526 _a0
_b0
_c0
_d624_000000000000000__THE
526 _a0
_b0
_c0
_d624_000000000000000__THE
526 _a0
_b0
_c0
_d624_000000000000000__THE
526 _a0
_b0
_c0
_d624_000000000000000__THE
526 _a0
_b0
_c0
_d624_000000000000000__THE
526 _a0
_b0
_c0
_d624_000000000000000__THE
526 _a0
_b0
_c0
_d624_000000000000000__THE
526 _a0
_b0
_c0
_d624_000000000000000__THE
526 _a0
_b0
_c0
_d624_000000000000000__THE
526 _a0
_b0
_c0
_d624_000000000000000__THE
526 _a0
_b0
_c0
_d624_000000000000000__THE
526 _a0
_b0
_c0
_d624_000000000000000__THE
526 _a0
_b0
_c0
_d624_000000000000000__THE
526 _a0
_b0
_c0
_d624_000000000000000__THE
526 _a0
_b0
_c0
_d624_000000000000000__THE
526 _a0
_b0
_c0
_d624_000000000000000__THE
526 _a0
_b0
_c0
_d624_000000000000000__THE
650 0 _aElectrical engineering.
942 _2ddc
_cBK
999 _c543197
_d543197